000 00865nas a2200313 4500
001 BR0002448
003 BR-BrBNA
005 20231205101837.0
007 ta
008 230509b bl.|||p| |||| 00| 00por d
040 _aBR-BrBNA
_bpor
_cBiblioteca Nacional de Agricultura
041 _a(Pt)
072 _aL73; L70
100 1 _aMuzzi, R.A.L.
100 1 _aMuzzi, L.A.L.
100 1 _aPena, J.L.B.
100 1 _aNogueira, R.B.
245 1 _aCardiomiopatia dilatada em cao - relato de caso
650 _aCao
650 _aCardiopatia
650 _aCoracao
650 _aVeterinaria
650 _aAnalise de Laboratorio
650 _aDiagnostico
650 _aMinas Gerais
773 0 _tCiencia Rural (Brazil)
_xISSN 0103-8478
_g(Mar-Apr 2000), v. 30(2) p. 355-358
_wBR0002448
909 _a202311
_bLúcia
_c55
_dLúcia Elande
942 _2AGRIS
_n0
_cANA
999 _c164270
_d164270